000 02210cam a22005054i 4500
003 PE-LiUPU
005 20250731165446.0
008 150617s r 000 0 d
035 _a(Sirsi) a18854
035 _a(Sirsi) a18854
040 _aPE-LiUPU
_bspa
_cPE-LiUPU
_erda
049 _aPRUA
082 0 4 _a109
_bM26
_221
100 1 _aMarías, Julián,
_d1914-2005,
_eautor.
245 1 3 _aEl método histórico de las generaciones.
_n6,
_pla estructura social,
_pel oficio del pensamiento.
264 1 _aMadrid :
_bRevista de Occidente,
_c1970.
300 _a613 páginas ;
_c22 cm
336 _atext
_2rdacontent
337 _aunmediated
_2rdamedia
338 _avolume
_2rdacarrier
505 0 _aEl tema de las generaciones -- El problema de las generaciones en el siglo XX -- La teoría de Ortega -- La vicisitudes del tema en nuestro siglo -- Los problemas de la teoría de las generaciones -- El método histórico -- El tema de la investigación: la estructura social -- Dinámica de las generaciones -- Las vigencias sociales -- Creencias, ideas, opiniones -- Pretensión y felicidad -- El poder y las felicidades -- Las relaciones humanas -- El oficio del pensamiento -- ¿Qué es la filosofía? -- Atraxía y alcionismo -- La interpretación visual del mundo.
526 _aSEG44
526 _aSEG26
526 _aP151
526 _aP150
526 _aP149
526 _aP146
526 _aP145
526 _aP126
526 _aP125
526 _aP92
526 _aP75
526 _aP74
526 _aP27
526 _aP15
650 0 4 _aHistoria
_xFilosofía.
650 0 4 _aSociología.
910 _ajck
_bjvq
_cjck
_d20150616
942 _2ddc
_cBOOK
949 _a109 M26 6
_wDEWEY
_c1
_i33810
_lRC
_mBUL
_r0
_sY
_tBOOK
_u2015-6-17
_xBIBLIOTECA
_zUNKNOWN
_0COMPRA
_o.CIRCNOTE. No olvidar cambiar la fecha de devolución!!!!!!!
_o.STAFF. Colección General
994 _aC0
_bPEPRU
596 _a1
999 _a109 M26 6
_wDEWEY
_c18592
_i33810
_f2021-11-8
_g5
_lRCG
_mBUL
_r1
_sY
_tBOOK
_u2015-6-17
_xBIBLIOTECA
_zUNKNOWN
_0COMPRA
_o.CIRCNOTE. No olvidar cambiar la fecha de devolución!!!!!!!
_o.STAFF. Colección General
_d18592
980 _81
_gALBERTO SANCHEZ Responsable de Automatización